MDQL
is popping MORE tags! Check the
thread
!
Quizzes
Events
Quiz Creation
Community
Videos
Private Events
Remove Ads
Sign In
Join for FREE
Feedback
Dark Mode
Quiz Categories
Sports
Geography
Music
Movies
Television
Just For Fun
Miscellaneous
History
Literature
Language
Science
Gaming
Entertainment
Religion
Holiday
For Kids
Quiz Lab
Recent
Popular Today
Quiz Kudos Today
Editor Picks
Curator Picks
Quizzes by...
Day
Popularity
Type
Ratings
Length
Year
Community
Subscriptions
Recent Discussions
Orange Saloon
Badges
Playlists
Quests
Create
Leaderboards
Showdown
Live 5
Trivia Bingo
Activity
Puzzle Library
Sporcle Events
Private Events
Virtual Trivia
Globe League
Become a Host
Pub Owners
SporcleCon
Opinionation
Our Games
Videos
Blog
Mobile Apps
Partnerships
Remove Ads and Go Orange
Feedback
Music
Pop Music
The Beatles
Song
Album
Lyrics
Bands
Singers
Artist
Clip
Rock
Rap
Classical
Billboard
Country Music
Kpop
Taylor Swift
Music
Pop Music
The Beatles
Song
Album
Lyrics
Bands
Singers
Artist
Clip
Rock
Rap
Classical
Billboard
Country Music
Kpop
Taylor Swift
Random Quiz
Search Sporcle
×
Quiz Lab
Quiz Lab
Music
Lyrics
Type in answers that appear in a list
Type in answers that appear in a list
Classic
Best Score? Go Orange.
Guess the lyrics to this 90's song Stats
Can you name the lyrics to this song from the early 90's?
By
alpha
10m
280 Questions
10.9K Plays
10,915 Plays
10,915 Plays
Comments
Comments
Give Quiz Kudos
Give Quiz Kudos
-
- Ratings
hide this ad
Replay
Link that replays current quiz
Next Quiz
Link to next quiz in quiz playlist
You Got
0%
They Got
Avg Score
57%
Avg Friend Score
Upgrade to see
Score Distribution
Jump to the score distribution portion of the page
Score
0/280
Timer
10:00
0
Plays Today
% Correct
And
99.1%
The
99.1%
The
99.1%
the
99.1%
the
99.1%
And
99.1%
a
99.1%
and
99.1%
The
99.1%
the
99.1%
The
99.1%
a
99.1%
a
99.1%
the
99.1%
the
99.1%
And
99.1%
a
99.1%
a
99.1%
a
99.1%
a
99.1%
I
97.6%
I
97.6%
I
97.6%
I
97.6%
I
97.6%
I
97.6%
I
97.6%
I
97.6%
I
97.6%
I
97.6%
I
97.6%
I
97.6%
I
97.6%
I
97.6%
I
97.6%
I
97.6%
I
97.6%
I
97.6%
I
97.6%
I
97.6%
I
97.6%
I
97.6%
I
97.6%
I
97.6%
I
97.6%
I
97.6%
I
97.6%
I
97.6%
I
97.6%
I
97.6%
you
93%
you
93%
you
93%
you
93%
you
93%
you
93%
you
93%
you
93%
you
93%
you
93%
you
93%
you
93%
you
93%
you
93%
to
82.9%
to
82.9%
to
82.9%
To
82.9%
to
82.9%
me
81.3%
me
81.3%
me
81.3%
me
81.3%
me
81.3%
me
81.3%
an
79%
it
76.8%
it
76.8%
it
76.8%
it
76.8%
do
75.6%
do
75.6%
on
74.5%
in
74.2%
in
74.2%
in
74.2%
in
74.2%
in
74.2%
can
74%
can
74%
is
72.2%
no
71.7%
no
71.7%
no
71.7%
% Correct
no
71.7%
go
70.1%
my
69.2%
my
69.2%
my
69.2%
my
69.2%
are
65.7%
if
65.3%
if
65.3%
if
65.3%
that
65.2%
that
65.2%
that
65.2%
that
65.2%
that
65.2%
that
65.2%
that
65.2%
That
65.2%
that
65.2%
that
65.2%
that
65.2%
That
65.2%
your
63.2%
know
62.1%
know
62.1%
will
61%
don't
57.8%
don't
57.8%
too
57.5%
too
57.5%
too
57.5%
too
57.5%
too
57.5%
not
57.5%
What
57.4%
Of
56.3%
of
56.3%
this
52.8%
this
52.8%
this
52.8%
why
52.2%
with
51.6%
with
51.6%
was
49.1%
was
49.1%
was
49.1%
was
49.1%
Like
47.9%
all
47%
I'm
46.9%
I'm
46.9%
I'm
46.9%
just
46.7%
just
46.7%
just
46.7%
just
46.7%
Just
46.7%
just
46.7%
But
45.9%
But
45.9%
It's
45.3%
Oh
44.5%
Oh
44.5%
Oh
44.5%
Oh
44.5%
Oh
44.5%
up
44.4%
up
44.4%
up
44.4%
up
44.4%
eye
42%
life
41.8%
said
41.6%
said
41.6%
said
41.6%
said
41.6%
said
41.6%
said
41.6%
said
41.6%
think
41.5%
think
41.5%
think
41.5%
I've
41%
I've
41%
I've
41%
I've
41%
I've
41%
try
39.8%
try
39.8%
try
39.8%
Try
39.8%
try?
39.8%
much
39.4%
much
39.4%
% Correct
much
39.4%
much
39.4%
much
39.4%
Losing
39%
Losing
39%
religion
39%
religion
39%
keep
38.3%
keep
38.3%
keep
38.3%
That's
37.9%
That's
37.9%
That's
37.9%
That's
37.9%
corner
37.4%
corner
37.4%
dream
37.3%
dream
37.3%
dream
37.3%
dream
37.3%
dream
37.3%
dream
37.3%
Dream
37.3%
saw
37%
saw
37%
saw
37%
than
36.7%
spotlight
36.2%
spotlight
36.2%
thought
36.1%
thought
36.1%
thought
36.1%
thought
36.1%
thought
36.1%
thought
36.1%
thought
36.1%
thought
36.1%
thought
36.1%
Now
33.5%
Every
33.5%
every
33.5%
heard
32.9%
heard
32.9%
heard
32.9%
heard
32.9%
heard
32.9%
heard
32.9%
enough
32.9%
enough
32.9%
eyes
32.8%
haven't
32.3%
haven't
32.3%
Trying
30.7%
Trying
30.7%
Trying
30.7%
sing
30.7%
sing
30.7%
sing
30.7%
cry
30.4%
laughing
29.2%
laughing
29.2%
laughing
29.2%
bigger
28%
bigger
28%
lengths
25%
Come
24.6%
distance
23%
these
22.7%
hour
21.6%
lost
20.9%
hurt
19.3%
Consider
18.1%
Consider
18.1%
Consider
18.1%
waking
18%
set
16%
set
16%
whisper
15.9%
around
15.6%
knees
15.1%
brought
14.6%
Choosing
13.8%
century
11.6%
fantasies
11.6%
confessions
11.4%
fool
10.4%
fool
10.4%
blinded
9.8%
hint
9.4%
slip
6.8%
flailing
6.8%
failed
5.3%
Quiz Playlist
Details
Report
Send in Message
Add To Playlist
Classic:
Type in answers that appear in a list
Last Updated: Jul 31, 2017
Quiz Scoreboard
CHALLENGE
Sign Up to Join the Scoreboard
Show All
Scores
Hide
Comments
May contain spoilers
Recently Published
Image Sorting: Flags VI
by Barbecue
Geography
2m
Find the 'City' Movie
by crazypaving
Movies
60s
Colored Red Africa Blitz
by spor1
Geography
45s
More to Explore
Quiz From the Vault
Featured Blog Post
14 Easter Pick-up Lines to Find Eggs With
hide this ad
You Might Also Like...
Tags
Lyrics Quiz
Guessing Game
Today's Top Quizzes in Music
Browse Music
hide this ad
Today's Top Quizzes in Lyrics
Browse Lyrics
Top Contributed Quizzes in Music
1
5X2 Blitz: Bands II
2
5X2 Blitz: The Beatles
3
Taylor Swift All Songs (2024)
4
5X2 Blitz: Billboard
5
5X2 Blitz: Billboard II
6
5X2 Blitz: Album
7
5X2 Blitz: Rock
8
5X2 Blitz: Singers
9
Music Artist by Three 2010s hits
10
5X2 Blitz: Lyrics
Explore More
Trending Topics
Kpop
Marvel
NBA
Crossword
Disney
Anime
Harry Potter
WWE
Pokémon
Song
NFL
Soccer
Country
The Office
Puzzle
hide this ad
More By:
alpha
Quiz
Plays
Rating
Category
Featured
Created
Guess the lyrics to this 90's song
10,915
4.57
Music
Sep 22, 2011
00's Sports Quotes
1,759
4.27
Sports
Dec 15, 2009
Find The Lyrics 3
1,310
3.11
Music
Jan 20, 2010
MLB - Indians in the 09 Post Season
989
3.20
Sports
Oct 29, 2009
Dead Or Alive: Snatch
625
3.75
Movies
Jun 27, 2012
Go to Creator's Profile
Score Distribution
Quiz Creator Spotlight
alpha
Follow
Send a Message
Quizzes Created
-
Created Quiz Play Count
-
More By This Creator
Popular Quizzes Today
1
Colored Red Africa Blitz
2
Find the US States - No Outlines Minefield
3
Find the 'City' Movie
4
5x2 Blitz: Bands
5
The Countries of the World
6
Find the US States
7
Find the Countries of Europe - No Outlines Minefield
8
US States
More Music Quizzes
Figure Out the Taylor Swift Lyrics
Quiz Lab
Trending Quizzes
Colored Red Europe Blitz I
Colored Red Africa Blitz II
Colored Red Europe Blitz II
Colored Red Africa Blitz III
Colored Red Europe Blitz III
Recently Updated
How Do You Spell That?
pecheneg
Godzilla Movies
pecheneg
Grab Bag: 4-10 Letters
pecheneg
2024 March Madness Bracket
pecheneg
Famous TV Couples
Peacemaker
Champions League XIs: Real Madrid
pecheneg
Largest US Cities 1790-2010
pecheneg
Rides in Walt Disney World
pecheneg
Most Oscar Losses (Acting)
pecheneg
Beyoncé Albums
pecheneg
Trending Topics
Harry Potter
Marvel
NBA
Disney
Crossword
Anime
Kpop
Pokémon
WWE
Puzzle
Country
Soccer
The Office
NFL
Song
Your Account Isn't Verified!
In order to create a playlist on Sporcle, you need to verify the email address you used during registration. Go to your
Sporcle Settings
to finish the process.
Report this User
Report this user for behavior that violates our
Community Guidelines
.
Details:
Send Report
Go to the Sporcle.com Mobile Site →
Comments